00911nas a2200277 4500001001300000003000900013005001700022007000300039008003400042040005400076041000900130072000800139100002000147100001900167100002400186100001500210100001900225100001900244245010200263650002200365650001900387650002700406650001500433773013000448856005500578BR2011006861BR-BrBNA20231205120056.0ta230509b bl.|||p| |||| 00| 00por d aBR-BrBNAbporcBiblioteca Nacional de Agricultura a(Pt) aQ701 aRodrigues, L.S.1 aSilva, I.J. da1 aZocrato, M.C. de O.1 aPapa, D.N.1 aSperling, M.V.1 aOliveira, P.R.1 aAvaliação de desempenho de reator UASB no tratamento de águas residuárias de suinocultura aÁGUAS RESIDUAIS aREDE DE ESGOTO aDIGESTÃO ANAERÓBIA aEXCREMENTO0 tRevista Brasileira de Engenharia Agrícola e Ambiental (Brazil)xISSN 1807-1929g(Jan 2010), v.14(1) p. 94-100wBR201100686140uhttp://www.scielo.br/pdf/rbeaa/v14n1/v14n01a13.pdf